[Event "ch-RUS Rapid 2017"]
[Site "Sochi RUS"]
[Date "2017.09.30"]
[Round "5.7"]
[White "Andreikin, Dmitry"]
[Black "Potapov, Pavel"]
[Result "1-0"]
[WhiteTitle "GM"]
[BlackTitle "GM"]
[WhiteElo "2708"]
[BlackElo "2479"]
[WhiteFideId "4158814"]
[BlackFideId "4169786"]
[EventDate "2017.09.30"]

1. Nf3 g6 2. e4 Bg7 3. d4 d6 4. Bc4 c6 5. Bb3 Nf6 6. Qe2 O-O 7. e5 Nd5 8. O-O
Bg4 9. Nbd2 dxe5 10. dxe5 Qc7 11. h3 Bf5 12. Re1 Nd7 13. Nf1 Nc5 14. Ng3 Be6 15.
Bd2 Rad8 16. c4 Nb6 17. Ba5 Qc8 18. Qe3 Nxb3 19. axb3 c5 20. Ne4 Bf5 21. Nxc5
Qc6 22. Bb4 Nc8 23. Nd4 Qc7 24. Nxf5 gxf5 25. Nd3 b6 26. Nf4 a5 27. Bc3 e6 28.
Nh5 Ne7 29. Rad1 Ng6 30. Rd6 Qc5 31. Qxc5 bxc5 32. Nxg7 Kxg7 33. Bxa5 Rb8 34. b4
cxb4 35. c5 Rb5 36. Bb6 Ne7 37. Bd8 Nd5 38. Rc1 Rb8 39. Bh4 Rfc8 40. c6 b3 41.
Bg5 Rb4 42. Rd8 Rc7 43. Rd7 Rc8 44. c7 Rb7 45. Bd8 Ra7 46. Rc5 Ra2 47. Rb5 Rxb2
48. Rb8 Rb1+ 49. Kh2 b2 50. Rxc8 Rh1+ 51. Kxh1 b1=Q+ 52. Kh2 Qc1 53. Bh4 Nb6 54.
Rb8 Qc6 55. Rd6 Qxc7 56. Rbxb6 Qc5 57. f4 Qe3 58. Rb4 Qc3 59. Rb7 Qe3 60. Bg3 1-0

[Event "ch-RUS Rapid 2017"]
[Site "Sochi RUS"]
[Date "2017.09.30"]
[Round "5.8"]
[White "Vastrukhin, Oleg"]
[Black "Fedoseev, Vladimir3"]
[Result "1/2-1/2"]
[BlackTitle "GM"]
[WhiteElo "2386"]
[BlackElo "2731"]
[WhiteFideId "4192770"]
[BlackFideId "24130737"]
[EventDate "2017.09.30"]

1. Nf3 Nf6 2. g3 c5 3. Bg2 Nc6 4. O-O e5 5. c4 d5 6. cxd5 Nxd5 7. Nc3 Nc7 8. d3
Be7 9. a3 O-O 10. Bd2 Be6 11. Rc1 f5 12. Na4 e4 13. Ne1 Nd4 14. Nxc5 Bxc5 15.
Rxc5 Bb3 16. Qb1 Nce6 17. Re5 Qc7 18. Rxe6 Bxe6 19. dxe4 Nxe2+ 20. Kh1 f4 21.
Nf3 fxg3 22. fxg3 Rad8 23. Bb4 Rf6 24. Qe1 Bc4 25. e5 Rh6 26. Bd6 Rdxd6 27. exd6
Qxd6 28. Nh4 Re6 29. Nf5 Qd8 30. Qd1 Qxd1 31. Rxd1 g6 32. Nd6 Bb3 33. Bd5 Bxd5+
34. Rxd5 b6 35. Nb5 Nc1 36. b4 a6 37. Nc7 Re3 38. a4 Ra3 39. b5 a5 40. Rd6 Rxa4
41. Rxb6 Nb3 42. Ra6 Kf7 43. b6 Nc5 44. Ra7 Kf6 45. b7 Ra1+ 46. Kg2 Rb1 47. Rxa5
Ke5 1/2-1/2

[Event "ch-RUS Rapid 2017"]
[Site "Sochi RUS"]
[Date "2017.09.30"]
[Round "5.10"]
[White "Popov, Ivan RUS"]
[Black "Krylov, Mikhail RUS"]
[Result "0-1"]
[WhiteTitle "GM"]
[BlackTitle "GM"]
[WhiteElo "2599"]
[BlackElo "2476"]
[WhiteFideId "4170350"]
[BlackFideId "4151364"]
[EventDate "2017.09.30"]

1. e4 c5 2. Nf3 e6 3. d4 cxd4 4. Nxd4 Nc6 5. Nc3 Qc7 6. Be3 a6 7. Qf3 Bd6 8.
O-O-O Be5 9. g3 Nge7 10. Qe2 b5 11. f4 Bxd4 12. Bxd4 b4 13. Bxg7 Rg8 14. Nd5
exd5 15. exd5 Rxg7 16. d6 Qa5 17. Bg2 Qb5 18. Qe3 f6 19. Rd5 Qa4 20. Rc5 Bb7 21.
Bd5 b3 22. axb3 Qa1+ 23. Kd2 Qxb2 24. Re1 Kf8 25. Bf3 Ng6 26. Rc3 Qa3 27. Qb6
Qxd6+ 28. Rd3 Qb4+ 29. Qxb4+ Nxb4 30. Bxb7 Nxd3 0-1

[Event "ch-RUS Rapid 2017"]
[Site "Sochi RUS"]
[Date "2017.09.30"]
[Round "5.11"]
[White "Pridorozhni, Aleksei"]
[Black "Kezin, Roman"]
[Result "1/2-1/2"]
[WhiteTitle "GM"]
[BlackTitle "FM"]
[WhiteElo "2565"]
[BlackElo "2455"]
[WhiteFideId "4127870"]
[BlackFideId "24124621"]
[EventDate "2017.09.30"]

1. e4 c5 2. Nc3 Nc6 3. Bb5 Nd4 4. Nf3 e6 5. Nxd4 cxd4 6. Ne2 Qg5 7. Bd3 Qxg2 8.
Ng3 Qh3 9. c3 Ne7 10. cxd4 Nc6 11. Qa4 Be7 12. d5 Ne5 13. Be2 O-O 14. d4 Ng6 15.
dxe6 dxe6 16. Be3 e5 17. O-O-O Bd7 18. Qb3 exd4 19. Rxd4 Be6 20. Bc4 Rac8 21.
Kb1 Rxc4 22. Rxc4 Ne5 23. Qxb7 Nxc4 24. Qxe7 Nxe3 25. fxe3 g6 26. Qf6 Qg2 27.
Qf1 Qd2 28. Qe2 Qa5 29. b3 Rb8 30. Qb2 Qg5 31. Qd4 Rd8 32. Qc3 Rc8 33. Qd4 Rd8
34. Qc3 Rc8 35. Qd4 Rd8 36. Qc3 Rc8 1/2-1/2

[Event "ch-RUS Rapid 2017"]
[Site "Sochi RUS"]
[Date "2017.09.30"]
[Round "5.12"]
[White "Rublevsky, Sergei"]
[Black "Triapishko, Alexandr"]
[Result "1-0"]
[WhiteTitle "GM"]
[BlackTitle "IM"]
[WhiteElo "2683"]
[BlackElo "2500"]
[WhiteFideId "4115309"]
[BlackFideId "14122286"]
[EventDate "2017.09.30"]

1. e4 e5 2. Nf3 Nc6 3. d4 exd4 4. Nxd4 Bc5 5. Nxc6 Qf6 6. Qf3 bxc6 7. Nd2 Qxf3
8. gxf3 Ne7 9. Nb3 Bb6 10. a4 a5 11. Be3 O-O 12. O-O-O f5 13. Bc4+ Kh8 14. e5
Bxe3+ 15. fxe3 f4 16. Rhe1 d5 17. exd6 cxd6 18. exf4 Nf5 19. Bd3 Nh4 20. Nd4 Bd7
21. Re7 Rad8 22. f5 c5 23. Ne6 Bxe6 24. fxe6 Rde8 25. Rf7 Rxf7 26. exf7 Rf8 27.
Bc4 Nf5 28. c3 g5 29. Be6 Ng7 30. Bd5 Nf5 31. Re1 Kg7 32. Re8 h5 33. b4 cxb4 34.
cxb4 axb4 35. a5 Nd4 36. a6 Nb5 37. Kb2 g4 38. fxg4 hxg4 39. Re4 Nc3 40. Rxg4+
Kf6 41. Rg8 1-0

[Event "ch-RUS Rapid 2017"]
[Site "Sochi RUS"]
[Date "2017.09.30"]
[Round "5.13"]
[White "Belyakov, Bogdan"]
[Black "Grachev, Boris"]
[Result "0-1"]
[WhiteTitle "IM"]
[BlackTitle "GM"]
[WhiteElo "2486"]
[BlackElo "2654"]
[WhiteFideId "24104795"]
[BlackFideId "4129199"]
[EventDate "2017.09.30"]

1. e4 c5 2. c3 e6 3. d4 d5 4. exd5 exd5 5. Nf3 a6 6. dxc5 Bxc5 7. Bd3 Qe7+ 8.
Qe2 Bg4 9. Nbd2 Nc6 10. h3 Bh5 11. O-O Qxe2 12. Bxe2 Nf6 13. Nb3 Ba7 14. Rd1 O-O
15. g4 Bg6 16. Nfd4 Rfe8 17. Bf3 Nxd4 18. Nxd4 Bxd4 19. Rxd4 Re1+ 20. Kh2 Rae8
21. Rd1 Bc2 22. Rxe1 Rxe1 23. b3 Be4 24. Kg2 h5 25. gxh5 Nxh5 26. Bb2 Re2 27.
Ba3 Rc2 28. Rc1 Rxa2 29. Bd6 Rd2 30. Be5 f6 31. Bb8 Rd3 32. Bxe4 dxe4 33. b4 Kf7
34. c4 Rb3 35. Bd6 Ke6 36. Rd1 Rd3 37. Re1 Rxd6 38. Rxe4+ Kf5 39. Re7 Rb6 0-1

[Event "ch-RUS Rapid 2017"]
[Site "Sochi RUS"]
[Date "2017.09.30"]
[Round "5.14"]
[White "Sakaev, Konstantin"]
[Black "Oganian, Miran"]
[Result "1-0"]
[WhiteTitle "GM"]
[BlackTitle "IM"]
[WhiteElo "2594"]
[BlackElo "2454"]
[WhiteFideId "4104226"]
[BlackFideId "4122488"]
[EventDate "2017.09.30"]

1. d4 Nf6 2. c4 e6 3. Nc3 d5 4. cxd5 Nxd5 5. e4 Nxc3 6. bxc3 c5 7. Nf3 cxd4 8.
cxd4 Bb4+ 9. Bd2 Bxd2+ 10. Qxd2 O-O 11. Bc4 Nd7 12. O-O b6 13. Rfe1 Bb7 14. Rad1
Rc8 15. Bb3 Re8 16. h3 b5 17. d5 exd5 18. Bxd5 Bxd5 19. exd5 Rxe1+ 20. Qxe1 Nf6
21. d6 h6 22. Qe7 Qxe7 23. dxe7 Re8 24. Rd8 Kh7 25. Rxe8 Nxe8 26. Ne5 f6 27. Nc6
a6 28. f3 Kg6 29. Kf2 Kf7 30. Ke3 Ke6 31. Kd4 Kd6 32. Nb4 a5 33. Nd5 Kc6 34. g4
Kd6 35. f4 Kc6 36. h4 Kd6 37. h5 Kc6 38. Ne3 b4 39. Nf5 a4 40. Kc4 b3 41. axb3
axb3 42. Kxb3 Kd5 43. Nxg7 Nxg7 44. g5 fxg5 45. fxg5 1-0

[Event "ch-RUS Rapid 2017"]
[Site "Sochi RUS"]
[Date "2017.09.30"]
[Round "5.15"]
[White "Korchmar, Vasiliy"]
[Black "Zvjaginsev, Vadim"]
[Result "1-0"]
[WhiteTitle "IM"]
[BlackTitle "GM"]
[WhiteElo "2399"]
[BlackElo "2643"]
[WhiteFideId "24131750"]
[BlackFideId "4113403"]
[EventDate "2017.09.30"]

1. d4 d6 2. e4 Nf6 3. Nc3 g6 4. f4 Bg7 5. Nf3 O-O 6. Bd3 Na6 7. O-O c5 8. d5 Rb8
9. a3 Bg4 10. Qe1 Nc7 11. f5 b5 12. Qh4 c4 13. Be2 Nce8 14. Be3 a5 15. Nd4 Bxe2
16. Nc6 Qc7 17. Nxe2 Ra8 18. Ned4 Qb7 19. Rf3 Qd7 20. Raf1 b4 21. a4 Nc7 22. Rh3
e6 23. Bg5 Nh5 24. f6 1-0

[Event "ch-RUS Rapid 2017"]
[Site "Sochi RUS"]
[Date "2017.09.30"]
[Round "5.16"]
[White "Kobalia, Mikhail"]
[Black "Antonenko, Vladimir"]
[Result "1-0"]
[WhiteTitle "GM"]
[BlackTitle "FM"]
[WhiteElo "2596"]
[BlackElo "2330"]
[WhiteFideId "4119150"]
[BlackFideId "24159409"]
[EventDate "2017.09.30"]

1. e4 c5 2. Nf3 Nc6 3. Bb5 e6 4. O-O Nge7 5. d4 cxd4 6. Nxd4 b6 7. f4 Nxd4 8.
Qxd4 Nf5 9. Qd3 Bc5+ 10. Kh1 Nd4 11. b4 Nxb5 12. bxc5 Ba6 13. c4 Nc7 14. cxb6
axb6 15. Ba3 b5 16. Nc3 bxc4 17. Qd6 f6 18. f5 Kf7 19. Rad1 Bc8 20. e5 Ra6 21.
Qc5 exf5 22. Qxc4+ Ne6 23. Nb5 Rc6 24. Nd6+ Kg8 25. Qb3 h5 26. Nxf5 Kf7 27. Nd6+
Kg8 28. exf6 gxf6 29. Qg3+ Kh7 30. Rd5 Ng5 31. Rxg5 fxg5 32. Qd3+ 1-0

[Event "ch-RUS Rapid 2017"]
[Site "Sochi RUS"]
[Date "2017.09.30"]
[Round "5.17"]
[White "Rozum, Ivan"]
[Black "Tsoi, Dmitry"]
[Result "1-0"]
[WhiteTitle "GM"]
[BlackTitle "FM"]
[WhiteElo "2590"]
[BlackElo "2361"]
[WhiteFideId "24104272"]
[BlackFideId "24194697"]
[EventDate "2017.09.30"]

1. Nf3 Nf6 2. g3 b5 3. Bg2 Bb7 4. Na3 a6 5. c4 b4 6. Nc2 e6 7. O-O Be7 8. d4 O-O
9. Re1 a5 10. Ne5 Bxg2 11. Kxg2 d6 12. Nd3 Qc8 13. e4 Qb7 14. Qf3 Nbd7 15. e5
Qxf3+ 16. Kxf3 Ne8 17. Bf4 Rc8 18. b3 c5 19. Rad1 d5 20. cxd5 exd5 21. Ne3 Nc7
22. Nf5 Bd8 23. Nd6 Rb8 24. Nxc5 Nxc5 25. dxc5 Be7 26. Rc1 Rfd8 27. Nf5 Bf8 28.
e6 Nxe6 29. Bxb8 Rxb8 30. c6 g6 31. Ne3 Bh6 32. Rcd1 d4 33. Nd5 Kf8 34. c7 Rc8
35. Re2 Bg7 36. Rc2 Be5 37. Ke4 Bxc7 38. Nxc7 Nxc7 1-0

[Event "ch-RUS Rapid 2017"]
[Site "Sochi RUS"]
[Date "2017.09.30"]
[Round "5.19"]
[White "Moskalenko, Alexander"]
[Black "Demidov, Mikhail"]
[Result "1/2-1/2"]
[WhiteTitle "IM"]
[BlackTitle "IM"]
[WhiteElo "2531"]
[BlackElo "2521"]
[WhiteFideId "4155351"]
[BlackFideId "4197143"]
[EventDate "2017.09.30"]

1. d4 e6 2. Nf3 Nf6 3. Bf4 c5 4. e3 b6 5. Nbd2 cxd4 6. exd4 Bb7 7. Bd3 d6 8. O-O
Be7 9. a4 O-O 10. Re1 Qc7 11. c3 Nbd7 12. h3 Rfe8 13. a5 Bc6 14. axb6 axb6 15.
Rxa8 Rxa8 16. Qb3 Ba4 17. Qc4 Qxc4 18. Nxc4 d5 19. Nce5 Nxe5 20. dxe5 Nd7 21. b4
Bc6 22. Nd4 Bb7 23. Bb5 Nb8 24. Be3 h6 25. f4 Bc8 26. Nc2 Bd7 27. Bd3 Bd8 28. c4
dxc4 29. Bxc4 Nc6 30. Rd1 Be8 31. Bb5 Nxb4 32. Bxe8 Nxc2 33. Bf2 Be7 34. Bc6 Rd8
35. Bf3 Rxd1+ 36. Bxd1 Nb4 37. Bxb6 Nd5 38. Bd4 Nxf4 39. Kf2 Bc5 40. Kf3 Nd3 41.
Bc3 g5 42. Bc2 Nf4 43. h4 Nd5 44. Bd2 Bb4 45. Bc1 gxh4 46. Bxh6 Be1 47. Bf4 Kg7
48. Bb1 Ne7 49. Bg5 Nd5 50. Bf4 Ne7 51. Bg5 Ng6 52. Bf6+ Kh6 53. Kg4 Bg3 54.
Bxg6 Kxg6 55. Bh8 Bf2 56. Bf6 Be1 57. Bh8 Bc3 58. Bf6 Bd4 59. Bh8 Bf2 60. Bf6
Bg3 61. Bh8 Bf2 62. Bf6 Be1 63. Bh8 Bd2 64. Bf6 Be1 1/2-1/2

[Event "ch-RUS Rapid 2017"]
[Site "Sochi RUS"]
[Date "2017.09.30"]
[Round "5.20"]
[White "Derjabin, Ilja"]
[Black "Iljiushenok, Ilia"]
[Result "0-1"]
[WhiteTitle "IM"]
[BlackTitle "IM"]
[WhiteElo "2360"]
[BlackElo "2519"]
[WhiteFideId "14104768"]
[BlackFideId "24105074"]
[EventDate "2017.09.30"]

1. d4 Nf6 2. c4 g6 3. Nc3 Bg7 4. e4 d6 5. Nge2 O-O 6. Ng3 a6 7. Be2 c5 8. d5 b5
9. cxb5 axb5 10. Bxb5 Ba6 11. Bxa6 Nxa6 12. O-O Qa5 13. Bd2 Rfb8 14. b3 Nd7 15.
Na4 Qb5 16. Bc3 Nb4 17. Bxg7 Kxg7 18. f4 Kg8 19. Kh1 c4 20. Ne2 Nf6 21. Nec3 Qa5
22. bxc4 Nxe4 23. Nxe4 Qxa4 24. Qxa4 Rxa4 25. Nc3 Ra3 26. Nb5 Rxa2 27. Rxa2 Nxa2
28. Nd4 Rb4 29. Nc6 Rxc4 30. f5 Kf8 31. fxg6 hxg6 32. h3 Rc1 33. Rxc1 Nxc1 34.
Kg1 Ne2+ 35. Kf2 Nc3 36. Nb4 Kg7 37. Ke3 Kf6 38. Kd4 Ne2+ 39. Ke3 Nc3 40. Kd4
Ne2+ 41. Ke3 Ng3 42. Kf4 Nf5 43. Nc6 Nh4 44. g3 g5+ 45. Ke4 Nf5 46. Kf3 e6 47.
dxe6 fxe6 48. Nb4 d5 49. Kg4 0-1

[Event "ch-RUS Rapid 2017"]
[Site "Sochi RUS"]
[Date "2017.09.30"]
[Round "5.21"]
[White "Levin, Evgeny A."]
[Black "Ivlev, Aleksey"]
[Result "1-0"]
[WhiteTitle "GM"]
[BlackTitle "FM"]
[WhiteElo "2532"]
[BlackElo "2259"]
[WhiteFideId "4182596"]
[BlackFideId "24185949"]
[EventDate "2017.09.30"]

1. d4 d5 2. c4 c6 3. Nf3 Nf6 4. e3 Bg4 5. Nc3 e6 6. h3 Bxf3 7. Qxf3 Nbd7 8. Bd3
Bd6 9. O-O O-O 10. Qd1 dxc4 11. Bxc4 e5 12. Bb3 Qe7 13. Bd2 Rad8 14. Qc2 Nb6 15.
dxe5 Bxe5 16. Rfd1 Rd7 17. Be1 Rfd8 18. Rxd7 Rxd7 19. Rd1 c5 20. Rxd7 Qxd7 21.
Qe2 h6 22. a4 Bxc3 23. Bxc3 Nxa4 24. Bxf6 gxf6 25. Qc2 Nb6 26. Qg6+ Kf8 27. Qxf6
c4 28. Qxh6+ Ke8 29. Qh8+ Ke7 30. Qh4+ Kf8 31. Bxc4 Qd1+ 32. Bf1 Na4 33. Qb4+
Kg8 34. Qxb7 1-0

[Event "ch-RUS Rapid 2017"]
[Site "Sochi RUS"]
[Date "2017.09.30"]
[Round "5.22"]
[White "Moiseenko, Vadim"]
[Black "Alexeev, Alexey"]
[Result "1-0"]
[WhiteTitle "IM"]
[BlackTitle "IM"]
[WhiteElo "2558"]
[BlackElo "2299"]
[WhiteFideId "4123700"]
[BlackFideId "14106663"]
[EventDate "2017.09.30"]

1. e4 e5 2. Nf3 Nc6 3. Bb5 a6 4. Ba4 Nf6 5. O-O Be7 6. Re1 b5 7. Bb3 O-O 8. c3
d5 9. exd5 Nxd5 10. d3 Bb7 11. Bc2 Bd6 12. Nbd2 Re8 13. Ne4 Bf8 14. Bd2 f5 15.
Ng3 g6 16. a4 Bg7 17. Bb3 Na5 18. Ba2 c5 19. b4 cxb4 20. cxb4 Nc6 21. axb5 axb5
22. Qb3 Nb8 23. Bc3 Nd7 24. Qxd5+ Bxd5 25. Bxd5+ Kf8 26. Rxa8 Qc7 27. Rxe8+ Kxe8
28. Bxe5 Nxe5 29. d4 Qc3 30. dxe5 Qxb4 31. h4 Bf8 32. Bg8 h6 33. e6 Ke7 34. Bf7
Kf6 35. h5 g5 36. Re5 f4 37. Rf5+ Kg7 38. Nf1 g4 39. Ne5 Bd6 40. Nxg4 f3 41.
gxf3 Qb1 42. Bg6 Qc1 43. Rf7+ Kh8 44. Rh7+ 1-0

[Event "ch-RUS Rapid 2017"]
[Site "Sochi RUS"]
[Date "2017.09.30"]
[Round "5.23"]
[White "Sjugirov, Sanan"]
[Black "Stambulian, Arsen"]
[Result "1-0"]
[WhiteTitle "GM"]
[BlackTitle "IM"]
[WhiteElo "2650"]
[BlackElo "2362"]
[WhiteFideId "4189302"]
[BlackFideId "13300296"]
[EventDate "2017.09.30"]

1. d4 Nf6 2. c4 g6 3. g3 Bg7 4. Bg2 d5 5. cxd5 Nxd5 6. Nf3 O-O 7. O-O Nb6 8. Nc3
Nc6 9. e3 Bd7 10. h3 e5 11. d5 Ne7 12. e4 Nec8 13. a4 a5 14. Bg5 f6 15. Be3 Rf7
16. b3 Bf8 17. Rc1 Nd6 18. Qd3 c6 19. dxc6 Bxc6 20. Rfd1 Rd7 21. Bxb6 Qxb6 22.
Nd5 Qd8 23. Nh2 Nf7 24. Rxc6 bxc6 25. Nxf6+ Qxf6 26. Qxd7 h5 27. Rc1 c5 28. Nf3
Rb8 29. Rc3 Rd8 30. Qc7 Rd1+ 31. Bf1 Qa6 32. Nh2 Qe6 33. Kg2 Nd6 34. Qc6 Kh8 35.
Rf3 Qe7 36. Qxc5 Bg7 37. Bc4 Qg5 38. Bd5 Qc1 39. Qxc1 Rxc1 40. h4 Re1 41. Rd3
Nxe4 42. Nf3 Re2 43. Bxe4 1-0

[Event "ch-RUS Rapid 2017"]
[Site "Sochi RUS"]
[Date "2017.09.30"]
[Round "5.24"]
[White "Savchenko, Boris"]
[Black "Zakaryan, David"]
[Result "1-0"]
[WhiteTitle "GM"]
[BlackTitle "FM"]
[WhiteElo "2581"]
[BlackElo "2293"]
[WhiteFideId "4147332"]
[BlackFideId "24101923"]
[EventDate "2017.09.30"]

1. e4 c6 2. d4 d5 3. Nc3 dxe4 4. Nxe4 Bf5 5. Ng3 Bg6 6. N3e2 Nf6 7. Nf4 e5 8.
Nxg6 hxg6 9. Nf3 exd4 10. Nxd4 Qc7 11. g3 Qe5+ 12. Qe2 Qxe2+ 13. Bxe2 Bc5 14.
Nb3 Bb6 15. Nd2 Nbd7 16. Nc4 Bc5 17. Be3 Bxe3 18. Nxe3 O-O-O 19. Rd1 Kc7 20. f4
Ne4 21. O-O Rhe8 22. Rf3 Ndc5 23. Rxd8 Rxd8 24. Nf1 a5 25. Re3 b5 26. g4 f5 27.
Bf3 Kb6 28. Re2 Rd4 29. c3 Rd3 30. Bg2 Rd1 31. h4 Ng3 32. Re7 Nce4 33. Rxg7 fxg4
34. Rxg6 Ne2+ 35. Kh2 Nxf4 36. Rxg4 Nxg2 37. Kxg2 Nf6 38. Rf4 Nh5 39. Rf7 Rd3
40. Rf5 Ng7 41. Rf3 Rd5 42. Ng3 b4 43. cxb4 axb4 44. Kh3 Rd2 45. Rb3 Kb5 46. Ne4
Rd4 47. Re3 Nf5 48. Re2 Kc4 49. Re1 Nxh4 50. b3+ Kd3 51. Nf2+ Kc2 52. Re6 c5 53.
Ne4 Nf3 54. Kg3 Nd2 55. Nxc5 Kb2 56. Ra6 Nb1 57. Kf3 Rh4 58. Nd3+ Kc3 59. Nf4
Na3 60. Kg3 Rxf4 61. Kxf4 Kb2 62. Ra4 Kxa2 63. Rxb4 Nc2 64. Rb7 Ka3 65. Ke4 Nb4
66. Kd4 Nc6+ 67. Kc5 Ne5 68. b4 Nd3+ 69. Kc4 Nb2+ 70. Kb5 Nd3 71. Rh7 1-0

[Event "ch-RUS Rapid 2017"]
[Site "Sochi RUS"]
[Date "2017.09.30"]
[Round "5.25"]
[White "Selin, Vladimir"]
[Black "Hasangatin, Ramil"]
[Result "0-1"]
[BlackTitle "GM"]
[WhiteElo "2322"]
[BlackElo "2496"]
[WhiteFideId "4168321"]
[BlackFideId "4122160"]
[EventDate "2017.09.30"]

1. e4 Nf6 2. d3 g6 3. f4 Bg7 4. Nf3 O-O 5. c3 d6 6. Be2 c5 7. h3 c4 8. O-O Na6
9. Be3 cxd3 10. Bxd3 Nc5 11. Bxc5 dxc5 12. Kh2 Qc7 13. e5 Nh5 14. g3 Rd8 15. Qc2
Qd7 16. g4 Nxf4 17. Bc4 e6 18. Na3 Nd5 19. Rf2 a6 20. Qe4 b5 21. Bxd5 Qxd5 22.
Qf4 Bb7 23. Re1 Rd7 24. b3 Rad8 25. Nc2 Qc6 26. h4 Qc7 27. Kg1 Bxf3 28. Rxf3 Rd1
29. Rxd1 Rxd1+ 30. Kg2 Bxe5 31. Qe3 Qd6 32. Rf2 Qd5+ 33. Qf3 Bxc3 34. Ne3 Qxf3+
35. Kxf3 Rd3 36. Ke4 Rxe3+ 0-1

[Event "ch-RUS Rapid 2017"]
[Site "Sochi RUS"]
[Date "2017.09.30"]
[Round "5.26"]
[White "Smagin, Sergey"]
[Black "Rozhko, Dmitry"]
[Result "1-0"]
[WhiteTitle "GM"]
[BlackTitle "FM"]
[WhiteElo "2551"]
[BlackElo "2327"]
[WhiteFideId "4100425"]
[BlackFideId "4150430"]
[EventDate "2017.09.30"]

1. e4 e6 2. d4 d5 3. Nd2 dxe4 4. Nxe4 Bd7 5. Nf3 Bc6 6. Bd3 Nd7 7. O-O Ngf6 8.
Qe2 Nxe4 9. Bxe4 Bxe4 10. Qxe4 c6 11. Qe2 Be7 12. Rd1 O-O 13. c4 Re8 14. Bf4 Qa5
15. h3 b5 16. c5 Nf6 17. Ne5 Rac8 18. Qf3 Qa6 19. a4 bxa4 20. b3 a3 21. Bc1 Red8
22. Rxa3 Qb7 23. Be3 Rd5 24. Rc1 Bd8 25. Nc4 Bc7 26. Rca1 a5 27. g4 h6 28. Qe2
e5 29. dxe5 Bxe5 30. Nxa5 Qd7 31. Rc1 h5 32. Nc4 Bc7 33. Nb6 Bxb6 34. cxb6 hxg4
35. Ra7 Qe6 36. b7 Rb8 37. Ra8 Rdd8 38. Rca1 gxh3 39. Rxb8 Rxb8 40. Ra8 Nd7 41.
Qf3 Kh7 42. Qh5+ Kg8 43. Qf3 Kh7 44. Qg3 Qg6 45. Qxg6+ Kxg6 46. Rxb8 Nxb8 47.
Kh2 Kf5 48. Kxh3 Ke4 49. Ba7 Nd7 50. b8=Q Nxb8 51. Bxb8 Kf3 52. Ba7 g5 53. Kh2
f5 54. Kg1 Ke2 55. Kg2 Kd3 56. b4 Ke2 57. Bc5 f4 58. f3 Ke1 59. Kh3 1-0

[Event "ch-RUS Rapid 2017"]
[Site "Sochi RUS"]
[Date "2017.09.30"]
[Round "5.27"]
[White "Chekletsov, Ilya"]
[Black "Cherniaev, Alexander"]
[Result "0-1"]
[WhiteTitle "FM"]
[BlackTitle "GM"]
[WhiteElo "2372"]
[BlackElo "2436"]
[WhiteFideId "24177156"]
[BlackFideId "4117301"]
[EventDate "2017.09.30"]

1. d4 Nf6 2. c4 d6 3. Nc3 e5 4. Nf3 e4 5. Nd2 Bf5 6. e3 g6 7. h3 h5 8. Qb3 Qc8
9. Qc2 Qe6 10. Qb3 Qc8 11. Qc2 Qe6 12. Qb3 b6 13. Nd5 Nxd5 14. cxd5 Qe7 15. Bb5+
Kd8 16. a4 a6 17. Be2 Qg5 18. g3 Nd7 19. Qc2 Nf6 20. h4 Qh6 21. Qc6 Ra7 22. Nb1
Bg7 23. Nc3 Re8 24. Qc4 Ke7 25. Bd2 Kf8 26. b4 Kg8 27. Qb3 Bh8 28. O-O-O Qf8 29.
Kb2 Qe7 30. Rde1 Bg4 31. Bxg4 Nxg4 32. Re2 Qf6 33. Ka3 Qf3 34. Rf1 Nh2 35. Rc1
Ng4 36. Be1 Qf5 37. Rec2 Nf6 38. Re2 Bg7 39. Bd2 Bh6 40. Rf1 Qf3 41. Rc1 Kg7 42.
Be1 Rh8 43. Rec2 Qf5 44. b5 a5 45. Re2 Raa8 46. Qc4 Ra7 47. Bd2 Qf3 48. Rg1 Re8
49. Kb3 Re7 50. Be1 Ra8 51. Rc2 Rh8 52. Qe2 Qxe2 53. Rxe2 g5 54. hxg5 Bxg5 55.
Kc4 Kg6 56. Bd2 Kf5 57. Ree1 Kg4 58. Ne2 Kf3 59. Rh1 Rg8 60. Ng1+ Kg4 61. Rf1
Kf5 62. f3 Kg6 63. f4 Bh6 64. Nh3 Kf5 65. Be1 Ng4 66. Bd2 Kg6 67. f5+ Kh7 68. f6
Ree8 69. Rf5 Kg6 70. Rf4 Bxf4 71. Nxf4+ Kxf6 72. Nxh5+ Ke7 73. Rf1 Rg5 74. Nf4
Rh8 75. Kc3 Rh2 76. Bc1 Nf6 77. Bd2 Rxg3 78. Rd1 Rg5 79. Kc4 Rg3 80. Kc3 Nh5 81.
Nxh5 Rxh5 82. Kc4 Rgg5 83. Be1 Rxd5 84. Bh4+ Ke6 85. Bg3 Rdg5 86. Bf4 Rg2 87.
d5+ Kd7 88. Kd4 Ra2 89. Kxe4 Rxa4+ 90. Kf3 Rb4 91. Kg4 Rh7 92. Kf5 Rxb5 93. Kf6
a4 94. Ra1 Ra5 95. e4 a3 96. Bd2 Ra4 0-1

[Event "ch-RUS Rapid 2017"]
[Site "Sochi RUS"]
[Date "2017.09.30"]
[Round "5.28"]
[White "Novikov, Maxim"]
[Black "Babikov, Ivan"]
[Result "1-0"]
[WhiteTitle "GM"]
[BlackTitle "FM"]
[WhiteElo "2501"]
[BlackElo "2276"]
[WhiteFideId "4161289"]
[BlackFideId "4161106"]
[EventDate "2017.09.30"]

1. e4 e5 2. Nf3 Nc6 3. Bc4 Nf6 4. d3 h6 5. Nc3 Bc5 6. Be3 Bb6 7. Bb3 O-O 8. h3
d6 9. Qd2 Bxe3 10. fxe3 Na5 11. O-O Nxb3 12. axb3 Nh5 13. Qf2 c6 14. g4 Nf6 15.
Qg3 a6 16. Kh2 g5 17. d4 Re8 18. Nd2 exd4 19. exd4 c5 20. d5 Qe7 21. e5 dxe5 22.
Nde4 Nxe4 23. Nxe4 Bd7 24. Rad1 b6 25. Rf6 Kg7 26. Rdf1 Rf8 27. Qe3 Rg8 28. Rxb6
Raf8 29. Rff6 1-0

[Event "ch-RUS Rapid 2017"]
[Site "Sochi RUS"]
[Date "2017.10.01"]
[Round "6.2"]
[White "Inarkiev, Ernesto"]
[Black "Khismatullin, Denis"]
[Result "1/2-1/2"]
[WhiteTitle "GM"]
[BlackTitle "GM"]
[WhiteElo "2694"]
[BlackElo "2628"]
[WhiteFideId "4162722"]
[BlackFideId "4142578"]
[EventDate "2017.09.30"]

1. e4 e5 2. Nf3 Nf6 3. Nxe5 d6 4. Nf3 Nxe4 5. d4 d5 6. Bd3 Bf5 7. O-O Be7 8. Re1
O-O 9. c4 Nc6 10. a3 Re8 11. Bf4 Bh4 12. g3 Bg4 13. h3 Bh5 14. Nc3 Nxd4 15. Bxe4
Bxf3 16. Bxh7+ Kxh7 17. Qxd4 Bf6 18. Qd3+ Be4 19. Nxe4 dxe4 20. Qc2 Qd3 21. Re2
c6 22. Rae1 Qxc2 23. Rxc2 Rad8 24. Rce2 Rd3 25. a4 Rb3 26. Rxe4 Rxe4 27. Rxe4
Rxb2 28. c5 b5 29. cxb6 axb6 30. g4 b5 31. axb5 cxb5 32. Be5 Bxe5 33. Rxe5 Kg6
34. Kg2 Kf6 35. Rc5 b4 36. Rb5 b3 37. h4 Rb1 38. Kf3 g6 39. Kg3 Kg7 40. f3 Kg8
41. Rb6 Kg7 42. Rb7 Kg8 43. Kf4 Kg7 44. Kg5 b2 45. Kf4 Rh1 46. Rxb2 Rxh4 47. Rb7 1/2-1/2